|
|
|
|
| LEADER |
00000nam0a2200000 4500 |
| 001 |
278363 |
| 005 |
20231101235115.0 |
| 035 |
|
|
|a (RuTPU)RU\TPU\book\301640
|
| 090 |
|
|
|a 278363
|
| 100 |
|
|
|a 20141211d1986 km y0rusy50 ca
|
| 101 |
0 |
|
|a rus
|
| 102 |
|
|
|a RU
|
| 105 |
|
|
|a y i 000zy
|
| 200 |
1 |
|
|a РСФСР в цифрах в 1985 г.
|e краткий статистический сборник
|f отв. за вып. В. Ф. Цвелих
|
| 210 |
|
|
|a Москва
|c Финансы и статистика
|d 1986
|
| 215 |
|
|
|a 112 с.
|
| 606 |
1 |
|
|a Экономика
|x Россия
|2 stltpush
|3 (RuTPU)RU\TPU\subj\37358
|9 58389
|
| 610 |
1 |
|
|a РСФСР
|
| 610 |
1 |
|
|a статистика
|
| 610 |
1 |
|
|a народное хозяйство
|
| 610 |
1 |
|
|a общественное производство
|
| 610 |
1 |
|
|a интенсификация
|
| 610 |
1 |
|
|a материальное производство
|
| 610 |
1 |
|
|a уровень жизни
|
| 610 |
1 |
|
|a образование
|
| 610 |
1 |
|
|a услуги
|
| 686 |
|
|
|a У9(2Р)-05
|v LBC/SL-A
|2 rubbk
|
| 702 |
|
1 |
|a Цвелих
|b В. Ф.
|4 540
|
| 801 |
|
1 |
|a RU
|b 63413507
|c 20141211
|
| 801 |
|
2 |
|a RU
|b 63413507
|c 20160516
|g RCR
|
| 942 |
|
|
|c BK
|